Autoatlas stredná Európa

Bibliographic Details
Corporate Author: Vojenský kartografický ústav (Harmanec, Slovensko) (Author)
Format: Book
Language:Slovak
PhysicalDescription:1 atlas (6, 111, 16, 134-176 s.) mapy a text 24x15 cm
Published: Harmanec Vojenský kartografický ústav c1999
ISBN:8080421285
Subjects:
CAT

MARC

LEADER 00000nam a2200000 a 4500
001 vtls001376739
003 SK-MaSNL
005 20260301071045.0
008 240226s1999 xo slo
015 |a SNBC2000/04-01517 
020 |a 8080421285 
035 |a SNK000330674 
035 |a urn:nbn:sk:snk-amkkbr 
035 |a urn:nbn:sk:snk-am003v3r 
035 |a 5AF190C6-5B26-485F-B2A8-757E1BC0E163 
040 |a SNK  |b slo  |c SNK  |e AACR2 
041 0 |a slo 
044 |a xo  |c SK 
080 |a 656.1(4)(084.4)  |2 1981 
080 |a 908.4  |2 1981 
080 |a 912  |2 1981 
110 0 |a Vojenský kartografický ústav (Harmanec, Slovensko)  |4 aut  |9 32777 
245 1 0 |a Autoatlas stredná Európa  |h kartografický dokument  |c spracoval Vojenský kartografický ústav Harmanec 
255 |a Mierka 1:1 000 000 a 1:100 000 
260 |a Harmanec  |b Vojenský kartografický ústav  |c c1999 
300 |a 1 atlas (6, 111, 16, 134-176 s.)  |b mapy a text  |c 24x15 cm 
500 |a Náz., podnáz. a vysvetl. v jaz. angl., maď., nem., poľ., rus. 
500 |a Obs. 111 mp. podľa kladu l. a 9 pl. miest 
500 |a Obs. inform., graf. mierky, hraničné prechody, klad l., mp., pl., reg. sídiel, rekl., tab., vzdialenosti, vysvetl., zozn. 
655 7 |a CAT  |2 SNK  |9 286708 
919 |a 80-8042-128-5 
923 |a autoatlas  |b viazaný  |c pre verejnosť 
958 |a TL 
999 |c 636452  |d 638382 
952 |t P60, <03>, [BOOK], {603}  |a SNK  |b SNK  |y PREZ  |7 0  |p 17A0216622  |o snkSC 100074  |i snkKSP 11145/99  |0 0  |1 0  |4 0  |d 1999-11-12  |f 1  |l 0  |r 2025-09-19 00:00:00  |w 2026-02-23 
952 |t P60, <04>, [BOOK], {604}  |a SNK  |b SNK  |y VYP  |7 0  |p 17A0216623  |o snkSC 100074 D1  |i snkKSP 11146/99  |0 0  |1 0  |4 0  |d 1999-11-12  |l 0  |r 2005-01-02 00:00:00  |w 2026-02-23